000 00643nam a2200229Ia 4500
003 OSt
005 20220925224500.0
006 a|||||r|||| 00| 0
007 ta
008 220923b |||||||| |||| 00| 0 eng d
037 _cGeneral Book
040 _aRTL
_cRTL
_beng
041 _2eng
_aeng
082 _aSigma.3.N7, L9
100 _aCheras Albert
_9291175
245 0 _aUsing the social sciences
260 _aLondon
_bRoutledge & Kegan Paul U K
_c1979
300 _axvii,502p. Bib p. 479-88
_ccm.
650 _aSocial Sciences
942 _hSigma.3.N7, L9
_cGB
_2CC
999 _c581559
_d581559